| 000 | 01500nam a22003495i 4500 | ||
|---|---|---|---|
| 999 |
_c27678 _d27649 |
||
| 003 | EG-ScBUE | ||
| 005 | 20191014145948.0 | ||
| 008 | 191014s2008 ua a f b 000 0 ara d | ||
| 017 | _a2008 / 24865 | ||
| 040 |
_aEG-ScBUE _bara _erda _cEG-ScBUE _dEG-ScBUE |
||
| 043 | _aa-my--- | ||
| 082 | 0 | 4 |
_a320.609595 _bس ي ا _222 |
| 245 | 0 | 2 |
_aالسياسات العامة في ماليزيا / _cتحرير أ. د. جابر سعيد عوض. |
| 246 | 3 | 4 | _aPublic policies in Malaysia |
| 264 | 1 |
_aالجيزة، مصر : _bمركز الدراسات الآسيوية، كلية الاقتصاد والعلوم السياسية، جامعة القاهرة، _c2008. |
|
| 300 |
_a259 صفحة : _bإيضاحيات ؛ _c24 سم |
||
| 336 |
_aنص _btxt _2rdacontent |
||
| 337 |
_aبدون وسيط _bn _2rdamedia |
||
| 338 |
_aمجلد _bnc _2rdacarrier |
||
| 504 | _aيشتمل على إرجاعات ببليوجرافية. | ||
| 541 |
_aDr. Gamal Selim ; _cDonation ; |
||
| 650 | 7 |
_aالتعليم _zماليزيا. _2BUEsh |
|
| 650 | 7 |
_aالصحة _zماليزيا. _2BUEsh _98300 |
|
| 650 | 7 |
_aالمواصلات _zماليزيا. _2BUEsh |
|
| 651 | 7 |
_aماليزيا _xأحوال سياسية. _2BUEsh |
|
| 651 | 7 |
_aماليزيا _xاحوال اجتماعية. _2BUEsh |
|
| 651 | 7 |
_aماليزيا _xأحوال اقتصادية. _2BUEsh |
|
| 651 | 7 |
_aماليزيا _xسكان. _2BUEsh |
|
| 653 |
_bMASPPSS _bBUSBOL _cOctober2019 |
||
| 700 | 1 |
_aعوض، جابر سعيد، _eمحرر. |
|
| 942 | _2ddc | ||